Prvoradé morálne hodnoty pripomíname si popredného slovenského dramatika Ivana Bukovčana (1921-1975)

Bibliographic Details
Main Author: Laššuth, Fero (Author)
Format: Article
Language:Slovak
PhysicalDescription:Fotogr.
ISSN:0862-8823
Subjects:

MARC

LEADER 00000nab a2200000 a 4500
001 vtls000667765
003 SK-MaSNL
005 20260302183847.0
008 160314c xo 0 slo
015 |a SNBRB1998/09-26536 
035 |a CLN000019947 
040 |a SNKBUCL  |b slo  |c SNKBUCL  |e AACR2 
041 0 |a slo 
044 |a xo  |c SK 
080 |a 82:929:885.4  |2 UDC-MRF-SK2 
080 |a 885.4:929  |2 UDC-MRF-SK2 
080 |a 929 Bukovčan, Ivan  |2 UDC-MRF-SK2 
100 1 |a Laššuth, Fero  |4 aut  |9 898146 
245 1 0 |a Prvoradé morálne hodnoty  |b pripomíname si popredného slovenského dramatika Ivana Bukovčana (1921-1975)  |c Fero Laššuth 
300 |b Fotogr. 
600 1 7 |a Bukovčan, Ivan,  |d 1921-1975  |2 snkbucl  |9 123040 
773 0 |x 0862-8823  |t Slovenské národné noviny  |g Roč. 9 (13), č. 37-38 (1998), s. 8 
850 |a Slovenská národná knižnica v Martine 
852 |a SNK  |b KIS3GCP 
958 |a SK 
958 |a LX 
958 |a BX 
958 |a RBX 
999 |c 1423213  |d 1425143